Entry Konu Terimi
001 - KONTROL NUMARASI
- Kontrol alanı: 39488
003 - KONTROL NUMARASI KİMLİĞİ
- Kontrol alanı: TR-BiSEU
005 - SON İŞLEM TARİHİ VE ZAMANI
- Kontrol alanı: 20260207002125.0
008 - SABİT UZUNLUKTAKİ VERİ ÖGELERİ - GENEL BİLGİ
- Sabit uzunlukta kontrol alanı: 260207|| aca||aabn | a|a d
040 ## - KATALOGLAMA KAYNAĞI
- Özgün kataloglama kurumu: TR-BiSEU
- Çeviri kurumu: TR-BiSEU
150 ## - KONU BAŞLIKLARI - KONU TERİMİ
- Konu terimi: Balkan Peninsula--Civilization--Turkish influences--Congresses
670 ## - BİLGİNİN KAYNAĞI
- Bilginin alındığı kaynak: KOHA: (TR-BiSEU)16994: Balkanlar'da islam medeniyeti milletlerarası sempozyumu (2000 : Sofia, Bulgaria) 39485, Balkanlar'da İslâm Medeniyeti Milletlerarası Sempozyumu tebliğleri :
